[Event "2009 Standard Chess Dropout Tournament, Round 1"]
[Site "SchemingMind.com"]
[Date "2008.11.10"]
[Round "1"]
[White "Chessic"]
[Black "wilfried"]
[Result "0-1"]
[WhiteCountry "INT"]
[BlackCountry "GER"]
[WhiteElo "1481"]
[WhiteRD "193"]
[BlackElo "2375"]
[BlackRD "104"]
[GameID "178371"]

1. e4 c5 2. Nf3 Nc6 3. d4 cxd4 4. Nxd4 g6 5. c4 Bg7 6. Be3 Qb6 7. Nb3 Qd8 8. Qd2 Nf6 9. Nc3 Ng4 10. Bg5 h6
11. Bf4 d6 12. Be2 a5 13. h3 a4 14. hxg4 axb3 15. a3 Qa5 16. Rc1 Nd4 17. Be3 Nc2+ 18. Kf1 Bxc3 19. bxc3 Be6 20. Rxh6 Nxe3+
21. Qxe3 Rxh6 22. Qxh6 b2 23. Rb1 Qxc3 24. c5 Rxa3 25. Bb5+ Bd7
0-1

[Event "2009 Standard Chess Dropout Tournament, Round 1"]
[Site "SchemingMind.com"]
[Date "2008.11.11"]
[Round "1"]
[White "CuriousShadow"]
[Black "Ilang"]
[Result "0-1"]
[WhiteCountry "USA"]
[BlackCountry "HUN"]
[WhiteElo "2056"]
[WhiteRD "144"]
[BlackElo "2390"]
[BlackRD "74"]
[GameID "178373"]

1. e4 e5 2. Nf3 Nc6 3. Bb5 a6 4. Ba4 Nf6 5. O-O Be7 6. Re1 b5 7. Bb3 d6 8. c3 O-O 9. h3 Nb8 10. d4 Nbd7
11. Nbd2 Bb7 12. Bc2 Re8 13. Nf1 g6 14. Ng3 Bf8 15. b3 Bg7 16. d5 Qb8 17. c4 c6 18. Be3 Qc7 19. Qd2 Reb8 20. Bd3 bxc4
21. bxc4 Bc8 22. Rab1 Rxb1 23. Rxb1 Rb8 24. Rxb8 Nxb8 25. Qb2 cxd5 26. cxd5 Nxd5 27. exd5 e4 28. Bd4 Bxd4 29. Qxd4 exf3 30. Ne4 Qc1+
31. Kh2 Nd7 32. Nf6+ Nxf6 33. Qxf6 fxg2 34. Kxg2 Qc5 35. Qf3 Bb7 36. Be4 Qc4 37. a3 f5
0-1

[Event "2009 Standard Chess Dropout Tournament, Round 1"]
[Site "SchemingMind.com"]
[Date "2008.11.11"]
[Round "1"]
[White "dadshane2000"]
[Black "John M. Sargent"]
[Result "0-1"]
[WhiteCountry "USA"]
[BlackCountry "ENG"]
[WhiteElo "1936"]
[WhiteRD "80"]
[BlackElo "2435"]
[BlackRD "92"]
[GameID "178374"]

1. e4 c5 2. Nf3 Nc6 3. Bb5 g6 4. O-O Bg7 5. c3 Nf6 6. Qe2 O-O 7. Rd1 e5 8. Na3 Re8 9. d3 a6 10. Bxc6 bxc6
11. Be3 d6 12. b4 cxb4 13. cxb4 d5 14. Rac1 Bd7 15. Bd2 Rb8 16. Nb1 Nh5 17. a3 d4 18. Bg5 Qc7 19. Nbd2 f6 20. Bh4 Nf4
21. Qf1 a5 22. Rb1 axb4 23. Rxb4 Rxb4 24. axb4 Rb8 25. Rb1 Rb5 26. Nc4 Qb8 27. Bg3 Nh5 28. Nfd2 Bf8 29. Na3 Rxb4 30. Rc1 Rb2
31. Ndc4 Ra2 32. Rc2 Rxc2 33. Nxc2 Be6 34. Nd2 Qb2 35. Qd1 Nxg3 36. hxg3 Bh6 37. Nf3 c5 38. Nce1 Bb3
0-1

[Event "2009 Standard Chess Dropout Tournament, Round 1"]
[Site "SchemingMind.com"]
[Date "2008.11.10"]
[Round "1"]
[White "Danzino"]
[Black "rkttkr"]
[Result "1/2-1/2"]
[WhiteCountry "GBR"]
[BlackCountry "ENG"]
[WhiteElo "2060"]
[WhiteRD "91"]
[BlackElo "2096"]
[BlackRD "80"]
[GameID "178375"]

1. e4 e5 2. Nf3 Nc6 3. Bb5 a6 4. Ba4 Nf6 5. O-O Nxe4 6. d4 Be7 7. Re1 b5 8. Rxe4 d5 9. Nxe5 Nxe5 10. Rxe5 bxa4
11. Nc3 O-O 12. Rxd5 Bd6 13. Bg5 Qe8 14. Qd3 Rb8 15. b3 axb3 16. axb3 Bb7 17. Rf5 Qe6 18. Bf4 Bb4 19. Re5 Qg6 20. Qxg6 fxg6
21. Bd2 Rbd8 22. d5 c6 23. Ne4 Bxd2 24. Nxd2 Rxd5=
1/2-1/2

[Event "2009 Standard Chess Dropout Tournament, Round 1"]
[Site "SchemingMind.com"]
[Date "2008.11.15"]
[Round "1"]
[White "demiurg"]
[Black "Schaakmaatje"]
[Result "1-0"]
[WhiteCountry "HUN"]
[BlackCountry "NED"]
[WhiteElo "2371"]
[WhiteRD "68"]
[BlackElo "1804"]
[BlackRD "46"]
[GameID "178376"]

1. e4 c5 2. Nf3 d6 3. d4 cxd4 4. Nxd4 Nf6 5. Nc3 a6 6. Be2 g6 7. O-O Bg7 8. f4 Nc6 9. Nxc6 bxc6 10. e5 Qb6+
11. Kh1 dxe5 12. fxe5 Ng4 13. Bxg4
1-0

[Event "2009 Standard Chess Dropout Tournament, Round 1"]
[Site "SchemingMind.com"]
[Date "2008.11.10"]
[Round "1"]
[White "Derek"]
[Black "bernadjm"]
[Result "0-1"]
[WhiteCountry "INT"]
[BlackCountry "ESP"]
[WhiteElo "1575"]
[WhiteRD "129"]
[BlackElo "2211"]
[BlackRD "128"]
[GameID "178377"]

1. d4 e6 2. Nf3 c5 3. c4 cxd4 4. Nxd4 Nf6 5. g3 d5 6. Nc3 e5 7. Ndb5 d4 8. Nd5 Nxd5 9. Qa4 Bb4+ 10. Bd2 Bxd2+
0-1

[Event "2009 Standard Chess Dropout Tournament, Round 1"]
[Site "SchemingMind.com"]
[Date "2008.11.15"]
[Round "1"]
[White "desmondw"]
[Black "Manfred Kraut"]
[Result "1-0"]
[WhiteCountry "IRL"]
[BlackCountry "GER"]
[WhiteElo "1649"]
[WhiteRD "89"]
[BlackElo "1380"]
[BlackRD "68"]
[GameID "178378"]

1. d4 g6 2. e4 Bg7 3. Nc3 d6 4. f4 a6 5. Bc4 c6 6. Be3 b5 7. Bb3 Nf6 8. Nf3 O-O 9. O-O b4 10. Ne2 Nxe4
11. c3 Qb6 12. Bc2 bxc3 13. Bxe4 cxb2 14. Rb1 d5 15. Bd3 Bf5 16. Bxf5 gxf5 17. Qc2 Nd7 18. Rxb2 Qa7 19. Qxf5 e6 20. Qg4 Nf6
21. Qg3 Nh5 22. Qh4 Nf6 23. f5 exf5 24. Bh6 Ne4 25. Ng5 Qe7 26. Bxg7 Kxg7 27. Qxh7+ Kf6 28. Qh6#
1-0

[Event "2009 Standard Chess Dropout Tournament, Round 1"]
[Site "SchemingMind.com"]
[Date "2008.11.15"]
[Round "1"]
[White "Dreadtower"]
[Black "leaston"]
[Result "0-1"]
[WhiteCountry "ENG"]
[BlackCountry "ENG"]
[WhiteElo "1802"]
[WhiteRD "104"]
[BlackElo "1899"]
[BlackRD "172"]
[GameID "178379"]

1. e4 c5 2. Nf3 Nc6 3. d4 cxd4 4. Nxd4 Nf6 5. Nc3 d6 6. Bg5 h6 7. Bxf6 gxf6 8. Qd2 h5 9. O-O-O Bh6 10. f4 Nxd4
11. Qxd4 Bxf4+ 12. Kb1 Be5 13. Qc4 Bg4 14. Re1 Rc8 15. Qa4+ Bd7 16. Bb5 Bxc3 17. bxc3 Rxc3 18. Bxd7+ Qxd7 19. Qxd7+ Kxd7 20. Rhf1 Rhc8
21. Re2 b6 22. Rf5 R3c5 23. e5 h4 24. Rh5 Rxe5 25. Rexe5 fxe5 26. Rxh4 f5 27. Rh7 f4 28. Rg7 Rh8 29. h3 Rh6 30. Kc1 f3
31. Rg3 f2 32. Rf3 Rf6
0-1

[Event "2009 Standard Chess Dropout Tournament, Round 1"]
[Site "SchemingMind.com"]
[Date "2008.11.10"]
[Round "1"]
[White "dsplit"]
[Black "Bacon"]
[Result "1-0"]
[WhiteCountry "NED"]
[BlackCountry "BER"]
[WhiteElo "1741"]
[WhiteRD "72"]
[BlackElo "1278"]
[BlackRD "98"]
[GameID "178380"]

1. e4 e5 2. Nf3 Nc6 3. Bb5 a6 4. Ba4 b5 5. Bb3 Nf6 6. d3 Bc5 7. O-O O-O 8. Bd5 Nxd5 9. exd5 Ne7 10. c4 f6
11. Nc3 b4 12. Ne4 Bd4 13. Rb1 Nf5 14. Re1 d6 15. g4 Nh6 16. h3 Ra7 17. Nxd4 exd4 18. b3 a5 19. Bb2 Ra6 20. Bxd4 Bb7
21. Ng3 a4 22. Qd2 Qd7 23. Qxb4 Qc8 24. bxa4 c5 25. Qxb7 Qxb7 26. Rxb7 Rxa4 27. Be3 Rxa2 28. Bxh6 gxh6 29. Ree7 Raa8 30. Rg7+ Kh8
31. Rxh7+ Kg8 32. Rbg7#
1-0

[Event "2009 Standard Chess Dropout Tournament, Round 1"]
[Site "SchemingMind.com"]
[Date "2008.11.10"]
[Round "1"]
[White "e_castle3"]
[Black "capablanca"]
[Result "0-1"]
[WhiteCountry "PHI"]
[BlackCountry "GER"]
[WhiteElo "1760"]
[WhiteRD "77"]
[BlackElo "1666"]
[BlackRD "54"]
[GameID "178382"]

1. f4 d5 2. g3 g6 3. Bg2 Bg7 4. Nf3 Nf6 5. O-O O-O 6. d4 Nc6 7. Be3 Ng4 8. Bd2 Nxd4 9. Nxd4 Bxd4+ 10. e3 Nxe3
11. Bxe3 Bxe3+ 12. Kh1 c6 13. Nc3 Bb6 14. Qd2 Qd6 15. Rae1 Bd7 16. a3 Rfe8 17. Ne4 dxe4
0-1

[Event "2009 Standard Chess Dropout Tournament, Round 1"]
[Site "SchemingMind.com"]
[Date "2008.11.15"]
[Round "1"]
[White "echecs"]
[Black "Ashmaster"]
[Result "0-1"]
[WhiteCountry "ENG"]
[BlackCountry "IRL"]
[WhiteElo "1834"]
[WhiteRD "57"]
[BlackElo "2007"]
[BlackRD "93"]
[GameID "178383"]

1. e4 e5 2. Nf3 Nc6 3. Bb5 a6 4. Ba4 Nf6 5. O-O Be7 6. Re1 b5 7. Bb3 O-O 8. a4 b4 9. c3 d6 10. d3 Rb8
11. Be3 Ng4 12. h3 Nxe3 13. Rxe3 bxc3 14. Nxc3 Nd4 15. Nd2 Bg5 16. Bc4 Bxe3 17. fxe3 Ne6 18. Rb1 a5 19. b3 c6 20. Nf3 Qf6
21. Qd2 Qg6 22. Kh2 Nc5 23. Ne2 Be6 24. Qc2 Bxc4 25. Qxc4 Rb4 26. Qc2 Rfb8 27. Nd2 Qg5 28. Nc1 Qxe3 29. Nc4 Qf4+ 30. g3 Qf6
31. Nxa5 Rc8 32. Na2 Rbb8 33. b4 Nxd3 34. Nxc6 Rxc6 35. Qxc6 Qf2+ 36. Kh1 Qf3+
0-1

[Event "2009 Standard Chess Dropout Tournament, Round 1"]
[Site "SchemingMind.com"]
[Date "2008.11.15"]
[Round "1"]
[White "egis"]
[Black "Sixmax"]
[Result "1-0"]
[WhiteCountry "LTU"]
[BlackCountry "DEN"]
[WhiteElo "1985"]
[WhiteRD "77"]
[BlackElo "2071"]
[BlackRD "62"]
[GameID "178384"]

1. d4 f5 2. g3 Nf6 3. Bg2 g6 4. c3 Bg7 5. Qb3 Nc6 6. Nf3 e6 7. O-O O-O 8. Bg5 d5 9. Nbd2 h6 10. Bxf6 Bxf6
11. a4 b6 12. Qb5 Qd6 13. b4 a5 14. Qd3 axb4 15. cxb4 Nxb4 16. Qb3 c5 17. e3 Bd7 18. Rfc1 Ra7 19. Qd1 c4 20. Ne5 Bxe5
21. dxe5 Qxe5 22. Rcb1 Nd3 23. Rxb6 Qc7 24. Rbb1 Rfa8 25. Nxc4 dxc4 26. Bxa8 Rxa8 27. h4 Qc6 28. h5 Qd5 29. hxg6 Bc6 30. f3 Qe5
31. Qe2 Qxg3+ 32. Qg2 Qxf3 33. Qxf3 Bxf3 34. a5 c3 35. Rb3 Rc8 36. a6
1-0

[Event "2009 Standard Chess Dropout Tournament, Round 1"]
[Site "SchemingMind.com"]
[Date "2008.11.10"]
[Round "1"]
[White "eolo888"]
[Black "Brian Acebo"]
[Result "1/2-1/2"]
[WhiteCountry "ITA"]
[BlackCountry "USA"]
[WhiteElo "1682"]
[WhiteRD "106"]
[BlackElo "1619"]
[BlackRD "87"]
[GameID "178385"]

1. d4 d5 2. c4 dxc4 3. e4 c5 4. d5 e6 5. Qa4+ Bd7 6. Qxc4 b5 7. Qc2 Nf6 8. Nc3 a6 9. a3 g6 10. Bg5 Be7
11. Rd1 Qb6 12. Nf3 b4 13. axb4 cxb4 14. Na4 Bxa4 15. Qxa4+ Nbd7 16. d6 Bd8 17. Ne5 O-O 18. Nxd7= Nxd7 19. Be3 Qb7 20. f3 Bf6
21. Be2 Bxb2 22. O-O a5 23. Bb5 Rad8 24. Qxa5 Bc3=
1/2-1/2

[Event "2009 Standard Chess Dropout Tournament, Round 1"]
[Site "SchemingMind.com"]
[Date "2008.11.11"]
[Round "1"]
[White "Erhaem"]
[Black "JPT"]
[Result "1-0"]
[WhiteCountry "NED"]
[BlackCountry "INT"]
[WhiteElo "2053"]
[WhiteRD "74"]
[BlackElo "1790"]
[BlackRD "82"]
[GameID "178386"]

1. d4 d5 2. Nf3 Nf6 3. Bg5 Ne4 4. Bf4 Nc6 5. Nbd2 Nxd2 6. Qxd2 e6 7. e3 a6 8. Bd3 Be7 9. c3 Bd6 10. e4 Bxf4
11. Qxf4 dxe4 12. Bxe4 Bd7 13. O-O-O Rb8 14. d5 e5 15. Qg3 O-O 16. dxc6 bxc6 17. Nxe5
1-0

[Event "2009 Standard Chess Dropout Tournament, Round 1"]
[Site "SchemingMind.com"]
[Date "2008.11.12"]
[Round "1"]
[White "Faloan"]
[Black "Glenn O'Brien"]
[Result "1-0"]
[WhiteCountry "GER"]
[BlackCountry "AUS"]
[WhiteElo "2246"]
[WhiteRD "104"]
[BlackElo "1800"]
[BlackRD "110"]
[GameID "178387"]

1. e4 c5 2. Nf3 d6 3. d4 cxd4 4. Nxd4 Nf6 5. Nc3 a6 6. Bg5 e6 7. f4 Be7 8. Qf3 Qc7 9. O-O-O Nbd7 10. g4 b5
11. Bxf6 Nxf6 12. g5 Nd7 13. f5 Bxg5+ 14. Kb1 Ne5 15. Qh5 Qd8 16. h4 Bf6 17. fxe6 O-O 18. Bh3 fxe6 19. Bxe6+ Kh8 20. Nd5 Bb7
21. Qe2 Bxh4 22. Nf5 g5 23. Nde7 Nc6 24. Rxd6 Qc7 25. Qd2 Ne5 26. Qd4 Rf6 27. Qxe5 Rf8 28. Bd5
1-0

[Event "2009 Standard Chess Dropout Tournament, Round 1"]
[Site "SchemingMind.com"]
[Date "2008.11.12"]
[Round "1"]
[White "Filanator"]
[Black "sythymesnos"]
[Result "1-0"]
[WhiteCountry "AUS"]
[BlackCountry "FRA"]
[WhiteElo "1156"]
[WhiteRD "115"]
[BlackElo "1594"]
[BlackRD "120"]
[GameID "178389"]

1. e4 c6 2. Nc3 d5 3. d4 dxe4 4. Nxe4 Bf5 5. Ng3 Bg6 6. Nf3 Nd7 7. Bd3 Bxd3 8. Qxd3 Ngf6 9. O-O Qc7 10. Ne4 Nxe4
11. Qxe4 Nf6 12. Qf5 e6 13. Qf4 Bd6 14. Qe3 Ng4 15. Qe4 h5 16. Bg5 Nxh2 17. Nxh2 Bxh2+ 18. Kh1 Bd6 19. Rad1
1-0

[Event "2009 Standard Chess Dropout Tournament, Round 1"]
[Site "SchemingMind.com"]
[Date "2008.11.10"]
[Round "1"]
[White "fishofchaos"]
[Black "Chessic"]
[Result "1-0"]
[WhiteCountry "ENG"]
[BlackCountry "INT"]
[WhiteElo "1909"]
[WhiteRD "76"]
[BlackElo "1481"]
[BlackRD "193"]
[GameID "178390"]

1. d4 Nf6 2. c4 e6 3. Nf3 b6 4. g3 Ba6 5. b3 Bb4+ 6. Bd2 Be7 7. Bg2 d5 8. cxd5 exd5 9. O-O O-O 10. Nc3 Bb7
11. Rc1 Nbd7 12. Bf4 c6 13. Ne5 Re8 14. Qd3 Bd6 15. Nxc6 Qc7 16. Bxd6 Qxd6 17. Nb5 Qxc6 18. Rxc6
1-0

[Event "2009 Standard Chess Dropout Tournament, Round 1"]
[Site "SchemingMind.com"]
[Date "2008.11.10"]
[Round "1"]
[White "fouche"]
[Black "Ryan"]
[Result "0-1"]
[WhiteCountry "COL"]
[BlackCountry "NED"]
[WhiteElo "1558"]
[WhiteRD "58"]
[BlackElo "2058"]
[BlackRD "108"]
[GameID "178391"]

1. d4 Nf6 2. c4 g6 3. Nc3 d5 4. Nf3 Bg7 5. e3 O-O 6. Be2 dxc4 7. Bxc4 c5 8. O-O Nbd7 9. Qe2 cxd4 10. Nxd4 a6
11. Rd1 e5 12. Nf3 e4 13. Nd4 Qa5 14. Bd2 Qe5 15. Rac1 b5 16. Bb3 Bb7 17. Be1 Rfd8 18. a3 Rac8 19. h3 Nb6 20. Qc2 Nfd7
21. Qb1 Nc5 22. Bc2 Nc4 23. b4 Nxa3 24. Qa2 Nxc2 25. Rxc2 Nd3 26. Nce2 Qh5 27. Kf1 Bxd4 28. exd4 Rxd4 29. Rxc8+ Bxc8 30. Nxd4 Qxd1
31. Qe2 Qxe1+ 32. Qxe1 Nxe1 33. Kxe1 f5 34. Kd2 Kf7 35. Ke3 Kf6 36. h4 Bb7 37. Nb3 Ke5 38. Nc5 Bc8 39. g3 h6 40. Nb3 g5
41. hxg5 hxg5 42. Nc5 f4+ 43. gxf4+ gxf4+ 44. Kd2 Kd4 45. Kc2 e3 46. fxe3+ fxe3 47. Nb3+ Ke4 48. Kd1 Kd3 49. Ke1 Kc4
0-1

[Event "2009 Standard Chess Dropout Tournament, Round 1"]
[Site "SchemingMind.com"]
[Date "2008.11.10"]
[Round "1"]
[White "Fred Fanelli"]
[Black "admiradordebrahms"]
[Result "0-1"]
[WhiteCountry "USA"]
[BlackCountry "COL"]
[WhiteElo "1457"]
[WhiteRD "83"]
[BlackElo "1770"]
[BlackRD "71"]
[GameID "178392"]

1. c4 Nf6 2. Nc3 e6 3. Nf3 d5 4. e3 Bd6 5. d4 c6 6. c5 Bc7 7. Bd3 Nbd7 8. O-O O-O 9. Re1 e5 10. dxe5 Nxe5
11. Bc2 Bg4 12. h3 Nxf3+ 13. Kh1 Nxe1 14. Qxe1 b6 15. hxg4 Nxg4 16. f3 Nf6 17. Bd2 bxc5 18. Rd1 Qd6 19. Ne2 Qh2#
0-1

[Event "2009 Standard Chess Dropout Tournament, Round 1"]
[Site "SchemingMind.com"]
[Date "2008.11.11"]
[Round "1"]
[White "GBEDARD"]
[Black "Thomas Meehan"]
[Result "1-0"]
[WhiteCountry "USA"]
[BlackCountry "ENG"]
[WhiteElo "2041"]
[WhiteRD "104"]
[BlackElo "1310"]
[BlackRD "112"]
[GameID "178393"]

1. e4 d6 2. d4 Nf6 3. Nc3 g6 4. f4 Bg7 5. Nf3 O-O 6. Bd3 c5 7. dxc5 dxc5 8. e5 Nd5 9. Nxd5 Qxd5 10. Be3 b6
11. Qe2 Bb7 12. Bc4 Qc6 13. O-O-O e6 14. h4 a5 15. h5 h6 16. hxg6 fxg6 17. Rd6 Qc7 18. Bxe6+ Kh8 19. Qd3 Nc6 20. Qxg6 Ne7
21. Rxh6+ Bxh6 22. Qxh6#
1-0

[Event "2009 Standard Chess Dropout Tournament, Round 1"]
[Site "SchemingMind.com"]
[Date "2008.11.11"]
[Round "1"]
[White "Gilligan"]
[Black "Arno Aartsen"]
[Result "0-1"]
[WhiteCountry "USA"]
[BlackCountry "NED"]
[WhiteElo "1607"]
[WhiteRD "75"]
[BlackElo "1601"]
[BlackRD "121"]
[GameID "178394"]

1. e4 e5 2. Nf3 Nc6 3. d4 d5 4. Bb5 Bd7 5. exd5 Nxd4 6. Nxd4 exd4 7. Bxd7+ Qxd7 8. Qxd4 Nf6 9. c4 Qg4 10. Qe3+ Be7
11. O-O O-O 12. Qb3 b6 13. Nc3 a6 14. Re1 Rfe8 15. Be3 Bd6 16. Bd4 Qxd4 17. Ne2 Qc5 18. Qd3 Ng4 19. Rf1 Bxh2+ 20. Kh1 Nxf2+
21. Rxf2 Qxf2 22. Kxh2 Rxe2 23. Qg3 Qxg3+
0-1

[Event "2009 Standard Chess Dropout Tournament, Round 1"]
[Site "SchemingMind.com"]
[Date "2008.11.10"]
[Round "1"]
[White "Girkassa"]
[Black "kalgon57"]
[Result "1-0"]
[WhiteCountry "NOR"]
[BlackCountry "FRA"]
[WhiteElo "1818"]
[WhiteRD "234"]
[BlackElo "1601"]
[BlackRD "144"]
[GameID "178395"]

1. d4 b6 2. e4 e6 3. Nf3 Bb7 4. Bd3 c5 5. c3 c4 6. Bc2 a6 7. O-O Nf6 8. e5 Nd5 9. Nbd2 b5 10. Ne4 f6
11. Nh4 Qe7 12. Nd6+ Kd8 13. Nxb7+ Kc7 14. Nc5 fxe5 15. Nf3 Nc6 16. Ne4 h6 17. Nxe5 Nxe5 18. dxe5 g5 19. b3 Bg7 20. bxc4 bxc4
21. Qd4
1-0

[Event "2009 Standard Chess Dropout Tournament, Round 1"]
[Site "SchemingMind.com"]
[Date "2008.11.11"]
[Round "1"]
[White "Glenn O'Brien"]
[Black "Quaff"]
[Result "1-0"]
[WhiteCountry "AUS"]
[BlackCountry "ENG"]
[WhiteElo "1814"]
[WhiteRD "103"]
[BlackElo "1712"]
[BlackRD "71"]
[GameID "178396"]

1. e4 e5 2. Nf3 Nc6 3. Bb5 a6 4. Ba4 b5 5. Bb3 h6 6. O-O Nf6 7. Re1 Bc5 8. c3 d6 9. h3 Bb7 10. d4 exd4
11. cxd4 Ba7 12. d5 Ne7 13. Nc3 O-O 14. e5 dxe5 15. Nxe5 c5 16. d6 Nc6 17. Nxc6 Bxc6 18. Nd5 Bxd5 19. Bxd5 Nxd5 20. Qxd5 c4
21. d7 Qb6 22. Be3 Qc7 23. Bxa7 Qxa7 24. Re7 Rad8 25. Rae1 Qc7 26. Kf1 Qb8 27. R1e5 Qc7 28. Rf5 c3 29. Rfxf7 Kh8 30. Rxf8+ Rxf8
31. Re8 cxb2 32. Rxf8+ Kh7 33. Qe4+
1-0

[Event "2009 Standard Chess Dropout Tournament, Round 1"]
[Site "SchemingMind.com"]
[Date "2008.11.15"]
[Round "1"]
[White "Han Solo"]
[Black "toguints"]
[Result "1-0"]
[WhiteCountry "HUN"]
[BlackCountry "PHI"]
[WhiteElo "2006"]
[WhiteRD "74"]
[BlackElo "1403"]
[BlackRD "72"]
[GameID "178397"]

1. e4 c5 2. Nf3 Nc6 3. d4 Nf6 4. e5 Nd5 5. dxc5 Qa5+ 6. Nbd2 Qxc5 7. Nb3 Qb6 8. Qxd5 e6 9. Qb5 Qxb5 10. Bxb5 a6
11. Bxc6 dxc6 12. Be3 Be7 13. O-O O-O 14. Rfd1 b5 15. Bc5
1-0

[Event "2009 Standard Chess Dropout Tournament, Round 1"]
[Site "SchemingMind.com"]
[Date "2008.11.14"]
[Round "1"]
[White "Harold"]
[Black "aadaam"]
[Result "0-1"]
[WhiteCountry "GBR"]
[BlackCountry "INT"]
[WhiteElo "1544"]
[WhiteRD "82"]
[BlackElo "1768"]
[BlackRD "44"]
[GameID "178398"]

1. e4 e6 2. d4 d5 3. Nc3 Bb4 4. e5 c5 5. a3 Bxc3+ 6. bxc3 Qc7 7. Nf3 Ne7 8. Be2 Bd7 9. Rb1 c4 10. Rb2 b5
11. O-O Qa5 12. a4 Qxa4 13. Rb4 Qa6 14. Rb2 Nbc6 15. Bd2 Qb6 16. Qb1 a6 17. Be3 O-O-O 18. Ng5 Rdf8 19. Ra2 h6 20. Nf3 Kb7
21. Nd2 f6 22. Bf4 g5 23. Bg3 fxe5 24. dxe5 Nf5 25. Qd1 Nxg3 26. hxg3 Nxe5 27. Nf3 Nxf3+ 28. Bxf3 Rf6 29. Qd4 Qxd4 30. cxd4 Kb6
31. Rfa1 Bc8 32. c3 Bb7 33. Re2 Kc6 34. Rae1 Kd6 35. Bg4 Bc8 36. Ra1 h5 37. Bf3 g4 38. Bxd5 exd5 39. Re5 Rhf8 40. Rf1 Rf5
0-1

[Event "2009 Standard Chess Dropout Tournament, Round 1"]
[Site "SchemingMind.com"]
[Date "2008.11.15"]
[Round "1"]
[White "Ilang"]
[Black "MARISCAL"]
[Result "1/2-1/2"]
[WhiteCountry "HUN"]
[BlackCountry "ESP"]
[WhiteElo "2379"]
[WhiteRD "74"]
[BlackElo "2291"]
[BlackRD "91"]
[GameID "178399"]

1. e4 e6 2. d4 d5 3. Nc3 Nf6 4. Bg5 dxe4 5. Nxe4 Be7 6. Bxf6 gxf6 7. Nf3 b6 8. Bc4 c6 9. Qe2 Bb7 10. O-O-O Qc7
11. Rhe1 Nd7 12. Nc3 O-O-O 13. d5 cxd5 14. Bxd5 Kb8 15. Bxb7 Qxb7 16. a3 Rhg8 17. g3 Rc8 18. Qe3 f5 19. Rd2 Bc5 20. Qf4+ Ka8
21. Qa4 Nb8 22. Ne5 Rgd8 23. Rxd8 Rxd8 24. Rd1 Rc8 25. Nb5 a6 26. Kb1 Bf8 27. f4 Bc5 28. c3 f6 29. Nd3 Rd8 30. Nxc5 Rxd1+
31. Qxd1 bxc5 32. Nd6 Qd7 33. Kc2 Ka7 34. b3 Qc6 35. a4 Kb6 36. Nc4+ Kc7 37. Nd2 Nd7 38. Qh5=
1/2-1/2

[Event "2009 Standard Chess Dropout Tournament, Round 1"]
[Site "SchemingMind.com"]
[Date "2008.11.10"]
[Round "1"]
[White "JasonY1982"]
[Black "eolo888"]
[Result "1-0"]
[WhiteCountry "USA"]
[BlackCountry "ITA"]
[WhiteElo "2065"]
[WhiteRD "69"]
[BlackElo "1682"]
[BlackRD "106"]
[GameID "178400"]

1. e4 e5 2. Nf3 d6 3. d4 exd4 4. Nxd4 Be7 5. Nc3 Nf6 6. Bc4 b6 7. O-O O-O 8. Re1 Bb7 9. Nf5 Nbd7 10. Bg5 a6
11. f4 b5 12. Bb3 Re8 13. Nd5 Bf8 14. Qf3 c6 15. Qg3 cxd5 16. Nh6+ Kh8 17. Nxf7+ Kg8 18. Nxd8 Rexd8 19. Bxf6 Nxf6 20. e5 dxe5
21. fxe5 Nh5 22. Qf3 Bc5+ 23. Kh1 g6 24. Rad1 Kg7 25. Bxd5 Bxd5 26. Rxd5 Rf8 27. Rd7+ Kg8 28. Qd5+ Kh8 29. Qxc5 Rac8 30. Qd4 Rf4
31. Rd8+ Rxd8 32. Qxd8+ Kg7 33. e6 Kh6 34. e7 Rh4 35. Qf8+ Ng7 36. e8=Q Rh5 37. Qe3+ Rg5 38. h4 b4 39. Qxg5#
1-0

[Event "2009 Standard Chess Dropout Tournament, Round 1"]
[Site "SchemingMind.com"]
[Date "2008.11.15"]
[Round "1"]
[White "Sebastian Strauchler"]
[Black "Robert Pallett"]
[Result "0-1"]
[WhiteCountry "ARG"]
[BlackCountry "ENG"]
[WhiteElo "2176"]
[WhiteRD "118"]
[BlackElo "2293"]
[BlackRD "78"]
[GameID "178402"]

1. e4 c5 2. Nf3 Nc6 3. c3 d5 4. exd5 Qxd5 5. d4 Nf6 6. dxc5 Qxd1+ 7. Kxd1 Bg4 8. Be3 Nd5 9. h3 O-O-O 10. Kc1 Bxf3
11. gxf3 e6 12. b4 g6 13. a3 Nxe3 14. fxe3 Bh6 15. f4 e5 16. Kc2 exf4 17. exf4 Bxf4 18. a4 a5 19. Kb3 axb4 20. cxb4 Rd1
21. Bg2 Rd3+
0-1

[Event "2009 Standard Chess Dropout Tournament, Round 1"]
[Site "SchemingMind.com"]
[Date "2008.11.10"]
[Round "1"]
[White "JPT"]
[Black "pawngrabber"]
[Result "0-1"]
[WhiteCountry "INT"]
[BlackCountry "ENG"]
[WhiteElo "1790"]
[WhiteRD "82"]
[BlackElo "1906"]
[BlackRD "78"]
[GameID "178404"]

1. e4 d6 2. d4 Nf6 3. Nc3 g6 4. Bg5 Bg7 5. Bd3 Nc6 6. Nge2 Nd7 7. Qd2 Nxd4 8. Nxd4 Bxd4 9. Bh6 Ne5 10. Be2 Bxc3
11. Qxc3 f6 12. Be3 Be6 13. O-O Qd7 14. f4 Nc6 15. b4 a6 16. Bd3 Bf7 17. Rf2 O-O 18. Raf1 b5 19. Rf3 Bxa2 20. Rh3 Bf7
21. Qd2 Kg7 22. f5 Rh8 23. Bh6+ Kg8 24. fxg6 hxg6 25. e5 Nxe5 26. Bf5 gxf5 27. Rg3+ Ng6 28. h4 Kh7 29. h5 Rag8 30. hxg6+ Rxg6
31. Rh3 Kg8 32. Qf4 e5
0-1

[Event "2009 Standard Chess Dropout Tournament, Round 1"]
[Site "SchemingMind.com"]
[Date "2008.11.15"]
[Round "1"]
[White "kalgon57"]
[Black "egis"]
[Result "0-1"]
[WhiteCountry "FRA"]
[BlackCountry "LTU"]
[WhiteElo "1557"]
[WhiteRD "118"]
[BlackElo "1989"]
[BlackRD "81"]
[GameID "178405"]

1. e4 c5 2. Bc4 Nf6 3. Nc3 e5 4. Nf3 Bd6 5. Nb5 Bc7 6. Nxc7+ Qxc7 7. d3 O-O 8. O-O d6 9. h3 b6 10. Bd2 a5
11. a3 Nc6 12. Bg5 Qe7 13. c3 h6 14. Bxf6 Qxf6 15. Nh2 Rb8 16. a4 Ne7 17. Qd2 Bd7 18. f4 exf4 19. Qxf4 Qxf4 20. Rxf4 b5
21. axb5 Bxb5 22. Bxb5 Rxb5 23. Rf2 Rfb8 24. Ra2 f6 25. Ng4 Nc6 26. Ne3 Ne5 27. Rd2 Kh7 28. Nc4 Nxc4 29. dxc4 R5b6 30. Rxa5 Rxb2
31. Rxd6 Re2 32. Rb5 Ra8 33. Rd1 Rc8 34. Rd5 Rxe4 35. Rdxc5 Rxc5 36. Rxc5 Re3 37. Rc8 Rxc3 38. c5 Rc1+ 39. Kf2 Rc2+ 40. Kg3 Kg6
41. c6 Kf5 42. Kf3 Rc3+ 43. Kf2 Kf4 44. Rc7 Rc2+ 45. Kf1 g5 46. Rc8 Kg3 47. Rh8 Rc1+ 48. Ke2 Rxc6 49. Rxh6 Kxg2 50. h4 Re6+
51. Kd3 g4 52. Rg6 g3 53. h5 Kf2 54. h6 g2 55. h7 Re3+ 56. Kd4 Rh3 57. Rxf6+ Kg3 58. Rg6+ Kh2
0-1